Criminal procedure and practice in Ghana / (Record no. 227)
[ view plain ]
| 000 -LEADER | |
|---|---|
| fixed length control field | 00664cam a2200217 i 4500 |
| 001 - CONTROL NUMBER | |
| control field | 21621125 |
| 003 - CONTROL NUMBER IDENTIFIER | |
| control field | OSt |
| 005 - DATE AND TIME OF LATEST TRANSACTION | |
| control field | 20241102151549.0 |
| 008 - FIXED-LENGTH DATA ELEMENTS--GENERAL INFORMATION | |
| fixed length control field | 200723s2019 gh 001 0 eng |
| 020 ## - INTERNATIONAL STANDARD BOOK NUMBER | |
| International Standard Book Number | 9789988297688 |
| 040 ## - | |
| -- | Central University Library |
| 050 00 - LIBRARY OF CONGRESS CALL NUMBER | |
| Classification number | KRX4610 |
| Item number | .A35 2019 /.A34 2019 |
| 100 1# - MAIN ENTRY--PERSONAL NAME | |
| Personal name | Adjei, Dennis Dominic, |
| Relator term | author. |
| 245 10 - TITLE STATEMENT | |
| Title | Criminal procedure and practice in Ghana / |
| Statement of responsibility, etc. | Dennis Dominic Adjei. |
| 250 ## - EDITION STATEMENT | |
| Edition statement | Second edition. |
| 260 ## - PUBLICATION, DISTRIBUTION, ETC. | |
| Place of publication, distribution, etc. | Ghana |
| Name of publisher, distributor, etc. | Dennis Dominic Adjei |
| Date of publication, distribution, etc. | c2019 |
| 300 ## - PHYSICAL DESCRIPTION | |
| Extent | xxix, 509 pages ; |
| Dimensions | 25 cm |
| Other physical details | Index |
| 500 ## - GENERAL NOTE | |
| General note | Includes index. |
| 650 #0 - SUBJECT ADDED ENTRY--TOPICAL TERM | |
| Topical term or geographic name entry element | Criminal procedure |
| Geographic subdivision | Ghana. |
| 942 ## - ADDED ENTRY ELEMENTS (KOHA) | |
| Source of classification or shelving scheme | Library of Congress Classification |
| Koha item type | Books |
| Edition | Second Ed. |
| Suppress in OPAC | No |
| 999 ## - | |
| -- | 227 |
| -- | 227 |
| Withdrawn status | Lost status | Source of classification or shelving scheme | Damaged status | Not for loan | Collection | Home library | Current library | Shelving location | Date acquired | Total checkouts | Full call number | Barcode | Date last seen | Copy number | Price effective from | Koha item type |
|---|---|---|---|---|---|---|---|---|---|---|---|---|---|---|---|---|
| Library of Congress Classification | Non-fiction | Law Library (Christ Temple) | Law Library (Christ Temple) | Reference | 05/12/2025 | KRX4610.A34 ADJ | LLCT00000631 | 05/12/2025 | 1 | 05/12/2025 | Books | |||||
| Library of Congress Classification | Non-fiction | Law Library (Kumasi) | Law Library (Kumasi) | General stacks | 04/16/2026 | KRX 4610.A35 | llk00000205 | 04/16/2026 | 4 | 04/16/2026 | Books | |||||
| Library of Congress Classification | Non-fiction | Law Library (Miotso) | Law Library (Miotso) | General stacks | 10/25/2024 | KRX4610.A34 ADJ | llm00000273 | 10/25/2024 | 1 | 10/25/2024 | Books | |||||
| Library of Congress Classification | Non-fiction | Law Library (Miotso) | Law Library (Miotso) | General stacks | 11/04/2024 | KRX4610.A34 ADJ | LLM00000373 | 11/04/2024 | 2 | 11/04/2024 | Books |